000 00535cam a2200145 4500500
005 20251214042929.0
041 _afre
042 _adc
100 1 0 _aXiao-ying, Han
_eauthor
245 0 0 _aCritique du « traitement synthétique » chinois à l'encontre de la corruption
260 _c2005.
500 _a56
786 0 _nArchives de politique criminelle | 27 | 1 | 2005-10-01 | p. 173-200 | 0242-5637
856 4 1 _uhttps://droit.cairn.info/revue-archives-de-politique-criminelle-2005-1-page-173?lang=fr&redirect-ssocas=7080
999 _c1577131
_d1577131